| 000 | 00824nam a2200205 a 4500 | ||
|---|---|---|---|
| 001 | 000005438 | ||
| 005 | 20200929151659.0 | ||
| 008 | 090819s1991 es a 000 spa d | ||
| 040 |
_aDO-SdBNP _bspa _cBNPHU |
||
| 082 |
_axxx _bL864c |
||
| 245 | 0 | 3 |
_aEl clima urbano de madrid : _bla isla del calor / _cAntonio López Gómez, Julia López Gómez, Felipe Fernández García, Fernando Arroyo Ilera. |
| 260 |
_aMadrid, : _bConsejo superior de investigaciones científicas, _c1991. |
||
| 300 |
_a166 p. : _bil., mapas ; _c25 cm. |
||
| 500 | _aIncluye referencias bibliográficas y notas al pie de las páginas | ||
| 500 | _aBibliografía : p. 163-164 | ||
| 700 | 1 | 2 |
_aLópez Gómez, Antonio _915449 |
| 700 | 1 | 2 |
_aLópez Gómez, Julia _915450 |
| 700 | 1 | 2 |
_aFernández García, Felipe _915451 |
| 700 | 1 | 2 |
_aArroyo Ilera, Fernando _915452 |
| 999 |
_c5238 _d5238 |
||